| 000 | 00719nam a2200253Ia 4500 | ||
|---|---|---|---|
| 003 | OSt | ||
| 005 | 20220918184601.0 | ||
| 006 | a|||||r|||| 00| 0 | ||
| 007 | ta | ||
| 008 | 220917b |||||||| |||| 00| 0 eng d | ||
| 024 | _a47,182 | ||
| 037 | _cTextual | ||
| 040 |
_aARTS _cARTS _beng |
||
| 041 |
_2eng _aeng |
||
| 082 | _aP, K5 (PD) | ||
| 100 |
_aPei Mario _964920 |
||
| 245 | 0 |
_aInvitation to linguistics _b a basic introduction to the science of language |
|
| 260 |
_aLondon _bGeorge Allen and Unwin _c1965 |
||
| 300 |
_axi,266p. _ccm. |
||
| 500 | _aBib 245-58p; Appendices 175-244P (1-8) | ||
| 650 | _aLINGUISTICS | ||
| 942 |
_hP, K5 (PD) _cTEXL _2CC |
||
| 999 |
_c177051 _d177051 |
||